<?xml version="1.0" encoding="UTF-8"?>
<record
    xmlns:xsi="http://www.w3.org/2001/XMLSchema-instance"
    xsi:schemaLocation="http://www.loc.gov/MARC21/slim http://www.loc.gov/standards/marcxml/schema/MARC21slim.xsd"
    xmlns="http://www.loc.gov/MARC21/slim">

  <leader>01411cam a2200385 a 4500</leader>
  <controlfield tag="001">8205641</controlfield>
  <controlfield tag="003">OSt</controlfield>
  <controlfield tag="005">20140310182531.0</controlfield>
  <controlfield tag="006">m        d        </controlfield>
  <controlfield tag="007">cr  n</controlfield>
  <controlfield tag="008">110114s2011    enkae   ob    001 0 eng d</controlfield>
  <datafield tag="020" ind1=" " ind2=" ">
    <subfield code="a">9780853697893</subfield>
  </datafield>
  <datafield tag="020" ind1=" " ind2=" ">
    <subfield code="a">0853697892</subfield>
  </datafield>
  <datafield tag="035" ind1=" " ind2=" ">
    <subfield code="a">(WaSeSS)ssj0000472933</subfield>
  </datafield>
  <datafield tag="040" ind1=" " ind2=" ">
    <subfield code="a">UAT</subfield>
    <subfield code="c">UAT</subfield>
    <subfield code="d">CDX</subfield>
    <subfield code="d">LTSCA</subfield>
    <subfield code="d">STJ</subfield>
    <subfield code="d">DNLM</subfield>
    <subfield code="d">WaSeSS</subfield>
  </datafield>
  <datafield tag="042" ind1=" " ind2=" ">
    <subfield code="a">nlmcopyc</subfield>
  </datafield>
  <datafield tag="050" ind1="0" ind2="4">
    <subfield code="a">RS 431 </subfield>
    <subfield code="b">.Sa192 2011</subfield>
  </datafield>
  <datafield tag="245" ind1="0" ind2="0">
    <subfield code="a">Sampson's textbook of radiopharmacy /</subfield>
  </datafield>
  <datafield tag="246" ind1="1" ind2=" ">
    <subfield code="a">Textbook of radiopharmacy</subfield>
  </datafield>
  <datafield tag="250" ind1=" " ind2=" ">
    <subfield code="a">4th ed. /</subfield>
    <subfield code="b">edited by Tony Theobald.</subfield>
  </datafield>
  <datafield tag="260" ind1=" " ind2=" ">
    <subfield code="a">London ;</subfield>
    <subfield code="a">Chicago :</subfield>
    <subfield code="b">Pharmaceutical Press,</subfield>
    <subfield code="c">2011.</subfield>
  </datafield>
  <datafield tag="300" ind1=" " ind2=" ">
    <subfield code="a">725 p. :</subfield>
    <subfield code="b">ill. (some col.) ;</subfield>
    <subfield code="c">25 cm.</subfield>
  </datafield>
  <datafield tag="500" ind1=" " ind2=" ">
    <subfield code="a">Includes bibliographical references and index.</subfield>
  </datafield>
  <datafield tag="506" ind1=" " ind2=" ">
    <subfield code="a">Licensed for access by U. of T. users.</subfield>
  </datafield>
  <datafield tag="650" ind1="1" ind2="2">
    <subfield code="a">Radiopharmaceuticals</subfield>
    <subfield code="9">9697</subfield>
  </datafield>
  <datafield tag="650" ind1="1" ind2="2">
    <subfield code="a">Nuclear Medicine</subfield>
    <subfield code="9">9323</subfield>
  </datafield>
  <datafield tag="650" ind1="2" ind2="2">
    <subfield code="a">Radioisotopes</subfield>
  </datafield>
  <datafield tag="650" ind1="2" ind2="2">
    <subfield code="a">Facility Regulation and Control</subfield>
    <subfield code="x">legislation &amp; jurisprudence</subfield>
    <subfield code="9">9698</subfield>
  </datafield>
  <datafield tag="700" ind1="1" ind2=" ">
    <subfield code="a">Theobald, A. E.</subfield>
    <subfield code="9">9699</subfield>
  </datafield>
  <datafield tag="700" ind1="1" ind2=" ">
    <subfield code="a">Sampson, Charles B.</subfield>
    <subfield code="t">Textbook of radiopharmacy.</subfield>
    <subfield code="9">9700</subfield>
  </datafield>
  <datafield tag="856" ind1="4" ind2="0">
    <subfield code="y">Coutts MyiLibrary Individual E-Books - Single User</subfield>
    <subfield code="u">http://myaccess.library.utoronto.ca/login?url=http://www.myilibrary.com?ID=296683</subfield>
  </datafield>
  <datafield tag="942" ind1=" " ind2=" ">
    <subfield code="2">lcc</subfield>
    <subfield code="c">SSLC</subfield>
    <subfield code="k">SL-Ph</subfield>
  </datafield>
  <datafield tag="949" ind1=" " ind2=" ">
    <subfield code="a">RS431.R34 [ID ssj0000472933]</subfield>
    <subfield code="c">1</subfield>
    <subfield code="l">ONLINE</subfield>
    <subfield code="m">E_RESOURCE</subfield>
    <subfield code="t">E_RESOURCE</subfield>
  </datafield>
  <datafield tag="999" ind1=" " ind2=" ">
    <subfield code="c">14138</subfield>
    <subfield code="d">14138</subfield>
  </datafield>
  <datafield tag="952" ind1=" " ind2=" ">
    <subfield code="0">0</subfield>
    <subfield code="1">0</subfield>
    <subfield code="2">lcc</subfield>
    <subfield code="4">0</subfield>
    <subfield code="a">SSLC</subfield>
    <subfield code="b">SSLC</subfield>
    <subfield code="c">SSLC</subfield>
    <subfield code="d">2013-08-13</subfield>
    <subfield code="l">0</subfield>
    <subfield code="o">RS 431  .Sa192 2011</subfield>
    <subfield code="p">SSLC0514</subfield>
    <subfield code="r">2017-04-20 00:00:00</subfield>
    <subfield code="t">1</subfield>
    <subfield code="w">2013-08-13</subfield>
    <subfield code="y">BK</subfield>
  </datafield>
</record>
